| 000 | 00812nam a2200253 a 4500 | ||
|---|---|---|---|
| 001 | BRL_1338 | ||
| 005 | 20190320211145.0 | ||
| 008 | 150114s1983----u--ao#####---#000-0#eng-# | ||
| 020 | _a0803214197 | ||
| 041 | _aeng | ||
| 044 | _au | ||
| 050 | 4 |
_aGV1796.M35 _b.C43 1983 |
|
| 100 | 1 |
_aChampe, Flavia Waters _926570 |
|
| 245 | 1 | 0 |
_aThe Matachines dance of the upper Rio Grande _bhistory, music, and choreography _cFlavia Waters Champe. |
| 260 |
_aLincoln _bUniversity of Nebraska _c1983 |
||
| 300 |
_axii, 101 p. _bil. _c26 cm. _e+ 1 acetato |
||
| 500 | _aAu1734 | ||
| 504 | _aBiblliografía: p. 99-101 | ||
| 650 | 1 | 4 |
_aMatachines (Danzas) _zNuevo México _926571 |
| 650 | 1 | 4 |
_aPueblos indígenas _xDanzas _926572 |
| 650 | 1 | 4 |
_aIndígenas de América del Norte _xDanzas _926573 |
| 902 | _aGRL | ||
| 942 |
_2lcc _cB |
||
| 999 |
_c10150 _d10150 |
||